Quizzes
Events
Quiz Creation
Community
Videos
Private Events
Remove Ads
Sign In
Join for FREE
Feedback
Dark Mode
Quiz Categories
Sports
Geography
Music
Movies
Television
Just For Fun
Miscellaneous
History
Literature
Language
Science
Gaming
Entertainment
Religion
Holiday
For Kids
Quiz Lab
Recent
Popular Today
Quiz Kudos Today
Editor Picks
Curator Picks
Quizzes by...
Day
Popularity
Type
Ratings
Length
Year
Community
Subscriptions
Recent Discussions
Orange Saloon
Badges
Playlists
Quests
Create
Leaderboards
Showdown
Live 5
Trivia Bingo
Activity
Puzzle Library
Sporcle Events
Private Events
Virtual Trivia
Globe League
Become a Host
Pub Owners
SporcleCon
Opinionation
Our Games
Videos
Blog
Mobile Apps
Partnerships
Remove Ads and Go Orange
Feedback
History
US Presidents
World Leaders
Politics
Nation
Discovery
War
Decade
Year
Century
Biography
Art
History
US Presidents
World Leaders
Politics
Nation
Discovery
War
Decade
Year
Century
Biography
Art
Random Quiz
Search Sporcle
×
Quiz Lab
Quiz Lab
History
State
Select answers by clicking on text or image buttons
Select answers by clicking on text or image buttons
Clickable
Best Score? Go Orange.
State and Local Gov't quiz Stats
Can you name the State and Local Gov'ts
By
zlayt
5m
10 Questions
12 Plays
12 Plays
12 Plays
Comments
Comments
Give Quiz Kudos
Give Quiz Kudos
-
- Ratings
hide this ad
Replay
Link that replays current quiz
Next Quiz
Link to next quiz in quiz playlist
You Got
0%
They Got
Avg Score
93%
Avg Friend Score
Upgrade to see
Score Distribution
Jump to the score distribution portion of the page
Score
0/10
Timer
05:00
0
Plays Today
% Correct
2
100%
Federal
100%
executive branch
91.7%
1
91.7%
legislature
91.7%
4 years
91.7%
6 years
91.7%
false
91.7%
True
91.7%
50
91.7%
Quiz Playlist
Details
Report
Send in Message
Add To Playlist
Clickable:
Select answers by clicking on text or image buttons
Last Updated: Feb 16, 2017
Quiz Scoreboard
CHALLENGE
Sign Up to Join the Scoreboard
Show All
Scores
Hide
Comments
May contain spoilers
Recently Published
Three Word 'G' Movies Match Up
by ddd62291
Movies
5m
NFL Player Resume by Logo III
by jimbaz
Sports
4m
Unbox the Countries of South America
by GeoEarthling
Geography
30s
More to Explore
Quiz From the Vault
Featured Blog Post
What’s the Difference Between Venom and Poison?
hide this ad
You Might Also Like...
Tags
Clickable Quiz
State Quiz
Govt
local
Today's Top Quizzes in History
Browse History
hide this ad
Today's Top Quizzes in State
Browse State
Top Contributed Quizzes in History
1
Major Events Timeline
2
Historic 'SON' People in Three Words
3
Click the US Presidents by Picture (Ultimate Minefield)
4
Historic 'TER' People in Three Words
5
I Am Born On March 26th
6
WW2 Countries Neutral, Axis, Allies
7
Click the US Presidents by Picture (No Names, Random)
8
Historic 'LIN' People in Three Words
9
Progression of Flights Timeline
10
Historic 'GAR' People in Three Words
Explore More
Trending Topics
Disney
Marvel
Kpop
Anime
NBA
Crossword
Harry Potter
Song
Pokémon
The Office
NFL
Country
WWE
Soccer
Puzzle
hide this ad
More By:
zlayt
Quiz
Plays
Rating
Category
Featured
Created
State and Local Gov't quiz
12
1.00
History
Dec 10, 2014
Go to Creator's Profile
Score Distribution
Quiz Creator Spotlight
zlayt
Follow
Send a Message
Quizzes Created
-
Created Quiz Play Count
-
More By This Creator
Popular Quizzes Today
1
Find the US States - No Outlines Minefield
2
NFL Player Resume by Logo III
3
Three Word 'G' Movies Match Up
4
The Countries of the World
5
Unbox the Countries of South America
6
Find the US States
7
Countries of South America
8
Criteria Quickie: Cartoon Taxonomy
More History Quizzes
Mega-Sorting Gallery: History
Published
Trending Quizzes
Pride Flag Pick II
NFL Player Resume by Logo II
Speed Poker: 30 Hands in 60 Seconds
Three Word 'B' Movies Match Up
NFL Player Resume by Logo
Recently Updated
F. Scott Fitzgerald Novels
LTH
Pick 3 Villains
ddd62291
This, But Not That XII
gazzso
Queen Singles by Letter
pecheneg
MCU Movie by Villain
pecheneg
Who Owns What
pecheneg
Company Headquarters (US)
pecheneg
Renamed Companies
pecheneg
John Williams Oscar Noms
LTH
Big 4 Worst of the Decade (2010s)
Hejman
Trending Topics
Kpop
Crossword
Marvel
Harry Potter
Disney
NBA
Anime
WWE
NFL
Pokémon
Soccer
The Office
Puzzle
Country
Song
Your Account Isn't Verified!
In order to create a playlist on Sporcle, you need to verify the email address you used during registration. Go to your
Sporcle Settings
to finish the process.
Report this User
Report this user for behavior that violates our
Community Guidelines
.
Details:
Send Report
Go to the Sporcle.com Mobile Site →
Comments